000 00610nam a2200229Ia 4500
003 OSt
005 20220918202426.0
006 a|||||r|||| 00| 0
007 ta
008 220917b |||||||| |||| 00| 0 eng d
024 _a101,126
037 _cTextual
040 _aARTS
_cARTS
_beng
041 _2eng
_aeng
082 _aV21:71.C3, L2
100 _aJoseph P
_9103675
245 0 _aDravidian problem in the South Indian culture complex
260 _aharlow
_bOrient Longman
_c1972
650 _aHISTORY
942 _hV21:71.C3, L2
_cTEXL
_2CC
999 _c224640
_d224640